Παράθυρο / Στην Εκπαίδευση του Παιδιού (Record no. 8771)
[ view plain ]
| 000 -LEADER | |
|---|---|
| fixed length control field | 01474cam a22001694a 4500 |
| 005 - ΗΜΕΡΟΜΗΝΙΑ ΚΑΙ ΩΡΑ ΤΕΛΕΥΤΑΙΑΣ ΕΝΗΜΕΡΩΣΗΣ | |
| Πεδίο ελέγχου | 20250605163649.0 |
| 008 - FIXED-LENGTH DATA ELEMENTS--GENERAL INFORMATION | |
| Πεδίο ελέγχου σταθερού μήκους | 250528s ||||||||||||||||||||||||d |
| 035 ## - SYSTEM CONTROL NUMBER | |
| System control number | 23845 |
| 040 ## - ΠΗΓΗ ΚΑΤΑΛΟΓΟΓΡΑΦΗΣΗΣ | |
| Φορέας πρωτότυπης καταλογογράφησης | MC Athens Campus Library |
| Γλώσσα καταλογογράφησης | Ελληνικά, Μοντέρνα (1453-) |
| Modifying agency | MC Athens Campus Library |
| Κανόνες περιγραφικής καταλογογράφησης | AACR2 |
| 245 1# - ΤΙΤΛΟΣ ΚΑΙ ΔΗΛΩΣΗ ΥΠΕΥΘΥΝΟΤΗΤΑΣ | |
| Τίτλος | Παράθυρο / Στην Εκπαίδευση του Παιδιού |
| 260 ## - PUBLICATION, DISTRIBUTION, ETC. | |
| Name of publisher, distributor, etc. | Ωρίων, |
| Date of publication, distribution, etc. | 2013 |
| 300 ## - PHYSICAL DESCRIPTION | |
| Extent | 136 |
| 520 ## - SUMMARY, ETC. | |
| Summary, etc. | Η Άνοιξη, Οι Εποχές, Πασχαλινά Μυστήρια..., Ταξίδι στην Ελλάδα του Μάρτη, Ξημέρωσε της Άνοιξης η Ελπίδα, Άνοιξη και Ανεμώνες - Ο Μύθος του Άδωνη, Κυνηγώντας τις Στυμφαλίδες Όρνιθες, Ο Καραγκιόζης με το Ζόρι Γιατρός, Εργαστήριο Φιλαναγνωσίας... για Μαγικές Βιβλιοαποδράσεις - Η Γερακίνα και ο Πρίγκηπας Νερένιος, Πρωταπριλιάτικα Ψέμματα και Πώς Καθιερώθηκαν;, Παρατσούκλια και Παροιμίες και Λαϊκά Παραμύθια για τον Μάρτιο, Απ' το Μαντρί στην Πόλη, 'Σχολική Κουδουνολογία': Αξιοποιώντας τη Σπουδή των Κουδουνιών στην Εκπαίδευση, Φωνολογική Ενημερότητα, Συνδέοντας τις Γενιές. |
| 942 ## - ADDED ENTRY ELEMENTS (KOHA) | |
| Koha item type | Περιοδικά Δημοσιεύματα |
| Τύπος τεκμηρίου | Βιβλιοθήκη | Τρέχουσα τοποθεσία | Barcode | Αριθμός εισαγωγής | Ημερομηνία απόκτησης | Ταξιθετικό σύμβολο | Αριθμός αντιτύπου | Κατάσταση απόσυρσης | Κατάσταση χαμένου | Κατάσταση κατεστραμμένου | Μη δανεισμός | Σύνολο δανεισμών | Ημερομηνία τελευταίας εμφάνισης | Η τιμή ισχύει από |
|---|---|---|---|---|---|---|---|---|---|---|---|---|---|---|
| Περιοδικά Δημοσιεύματα | MC Athens Campus Library | MC Athens Campus Library | 9780000087706 | 80 | 05/06/2025 | ΠΑΡΑΘΥΡΟ | 1 | 05/06/2025 | 05/06/2025 |